000
00307nam a2200133Ia 4500
005
20251222155055.0
008
251222s9999||||xx |||||||||||||| ||spa||
082
_a
EBA. 06
100
_a
CARLSON, CRAFT
245
0
_a
Diagnóstico de Enfermería
250
_a
1ra. ed.
264
_b
Pirámide
942
_c
LIB
999
_c
37424
_d
37424